Derrotero del Golfo de Áden (Record no. 153430)
[ view plain ]
| 000 -LEADER | |
|---|---|
| campo de control de longitud fija | 00883nam a22001935i 4500 |
| 001 - NÚMERO DE CONTROL | |
| campo de control | 153430 |
| 003 - IDENTIFICADOR DE NÚMERO DE CONTROL | |
| campo de control | ES-MaACL |
| 005 - FECHA Y HORA DE LA ÚLTIMA TRANSACCIÓN | |
| campo de control | 20230906205223.0 |
| 008 - DATOS DE LONGITUD FIJA--INFORMACIÓN GENERAL | |
| campo de control de longitud fija | 000105s1880 sp |||| | spa d |
| 245 00 - MENCIÓN DEL TÍTULO | |
| Título | Derrotero del Golfo de Áden |
| Resto del título | : Socotora é Islas adyacentes, Costas de Somali y de Arabia en el Golfo de Áden ... / |
| Mención de responsabilidad, etc. | recopilado de las memorias de los oficiales de la Marina de la India por C. Y. Ward ; traducido y adicionado por Joaquin Rodriguez de Rivera y Rodriguez. |
| 260 ## - PUBLICACIÓN, DISTRIBUCIÓN, ETC. | |
| Lugar de publicación, distribución, etc. | Madrid : |
| Nombre del editor, distribuidor, etc. | Depósito Hidrográfico, |
| Fecha de publicación, distribución, etc. | 1880 ( |
| Fabricante | Imprenta y librería de Moya y Plaza) |
| 300 ## - DESCRIPCIÓN FÍSICA | |
| Extensión | 236 p. ; |
| Dimensiones | 23 cm. |
| 500 ## - NOTA GENERAL | |
| Nota general | Índices. |
| 650 #4 - PUNTO DE ACCESO ADICIONAL DE MATERIA--TÉRMINO DE MATERIA | |
| Término de materia o nombre geográfico como elemento de entrada | Derroteros- |
| Subdivisión geográfica | Golfo de Aden. |
| 9 (RLIN) | 147789 |
| 700 1# - ENTRADA AGREGADA--NOMBRE PERSONAL | |
| Nombre de persona | Ward, C. Y. |
| 9 (RLIN) | 133881 |
| 700 1# - ENTRADA AGREGADA--NOMBRE PERSONAL | |
| Nombre de persona | Rodríguez de Rivera, Joaquín. |
| 9 (RLIN) | 131963 |
| 710 1# - ENTRADA AGREGADA--NOMBRE DE ENTIDAD CORPORATIVA | |
| Nombre de entidad corporativa o nombre de jurisdicción como elemento de entrada | España. |
| Unidad subordinada | Depósito Hidrográfico. |
| 9 (RLIN) | 3691 |
| 852 ## - LOCALIZACIÓN | |
| Ubicación | ES-MaACL |
| Número de control de estantería | G-11290 |
| Nota libre | -- Enc. hol. |
| Estatus retirado | Estado de pérdida | Estado de daño | No para préstamo | Colección | Biblioteca de origen | Biblioteca actual | Ubicación en estantería | Fecha de adquisición | Fuente de adquisición | Total de préstamos | Signatura topográfica completa | Código de barras | Visto por última vez | Precio de reemplazo | Tipo de ítem Koha |
|---|---|---|---|---|---|---|---|---|---|---|---|---|---|---|---|
| Libros del s. XIX | Biblioteca del Ateneo de Madrid | Biblioteca del Ateneo de Madrid | Sala Pecera Planta 3 | 17/01/2008 | G-11290 | 1160352 | 23/02/2023 | 23/02/2023 | Libro impreso antiguo |
